000
00289nam a2200121 a 4500
005
20140513081056.0
008
070202s19uu xx 00 eng d
050
_a
VCD
_b
No899 2000
245
_a
Not one less.
260
_b
Magnavision,
_c
2000.
500
_a
Motion picture
999
_c
116500
_d
116500